|
|
|
|
| LEADER |
00632cam a2200157 7i4500 |
| 001 |
0000024957 |
| 005 |
20100816090000.0 |
| 090 |
0 |
0 |
|a BRUN 382.6025
|b DIR
|
| 245 |
0 |
0 |
|a Directory of Brunei Darussalam exporters/ importers lists (English / Arabic).
|
| 260 |
0 |
0 |
|a Bandar Seri Begawan:
|b Ministry of Industry and Primary Resources,
|c 2010.
|
| 300 |
# |
# |
|a 24 p.
|
| 650 |
0 |
0 |
|a Business --
|x Directories --
|z Brunei Darussalam
|
| 650 |
0 |
0 |
|a Exports --
|x Directories --
|z Brunei Darussalam
|
| 650 |
0 |
0 |
|a Imports --
|x Directories --
|z Brunei Darussalam
|
| 651 |
0 |
0 |
|a Brunei Darussalam
|
| 999 |
|
|
|a 0000027483
|b Directories
|c Countries
|e Business Information Centre
|